La capacitación a jefes de departamento en el modelo departamental (Record no. 63629)

MARC details
000 -CABECERA
campo de control de longitud fija 00656nam a2200217 a 4500
005 - FECHA Y HORA DE LA ÚLTIMA TRANSACCIÓN
campo de control 20210219152915.0
008 - ELEMENTOS DE LONGITUD FIJA--INFORMACIÓN GENERAL
campo de control de longitud fija 991125n 000 0 spa u
035 ## - NÚMERO DE CONTROL DEL SISTEMA
Número de control de sistema UPN01000066721
100 ## - ASIENTO PRINCIPAL--NOMBRE PERSONAL
Nombre de persona MACHUCA P., Victor M.
222 ## - TÍTULO CLAVE
Título clave REVISTA DE LA EDUCACION SUPERIOR
245 ## - MENCIÓN DE TÍTULO
Título La capacitación a jefes de departamento en el modelo departamental
300 ## - DESCRIPCIÓN FÍSICA
Extensión 104-119
362 ## - FECHAS DE PUBLICACIÓN Y/O DESIGNACIÓN SECUENCIAL
Fecha de publicación y/o designación secuencial 1993 Vol. 22, no. 4(88) oct.-dic.
653 0# - TERMINO DE INDIZACION - NO CONTROLADO
Término no controlado ADMINISTRACION EDUCATIVA
653 0# - TERMINO DE INDIZACION - NO CONTROLADO
Término no controlado CAPACITACION
653 0# - TERMINO DE INDIZACION - NO CONTROLADO
Término no controlado DEPARTAMENTALIZACION
653 0# - TERMINO DE INDIZACION - NO CONTROLADO
Término no controlado MODERNIZACION EDUCATIVA
700 ## - ASIENTO SECUNDARIO--NOMBRE DE PERSONAL
Nombre de persona BECERRIL C., Sergio, coaut.
904 ## - ELEMENTOS DE DATOS D LOCAL, LDD (RLIN)
a AC
b 004532
905 ## - TIPO DE MATERIAL
Tipo de material Articulo

No items available.